Zia-ul-Haq and I (Record no. 5222)
[ view plain ]
| 000 -LEADER | |
|---|---|
| fixed length control field | 00341 a2200133 4500 |
| 082 ## - DEWEY DECIMAL CLASSIFICATION NUMBER | |
| Classification number | 954.9105 |
| 090 ## - LOCALLY ASSIGNED LC-TYPE CALL NUMBER (OCLC); LOCAL CALL NUMBER (RLIN) | |
| -- | 1264 |
| -- | 1264 |
| 100 ## - MAIN ENTRY--PERSONAL NAME | |
| Personal name | Abdul Qayum. |
| 245 ## - TITLE STATEMENT | |
| Title | Zia-ul-Haq and I |
| Statement of responsibility, etc. | Abdul Qayum. |
| 260 ## - PUBLICATION, DISTRIBUTION, ETC. | |
| Place of publication, distribution, etc. | Rawalpindi: |
| Name of publisher, distributor, etc. | The Army Press, |
| Date of publication, distribution, etc. | 1997. |
| 300 ## - PHYSICAL DESCRIPTION | |
| Extent | ix, 73 p. |
| Other physical details | ill. |
| Dimensions | 22 cm. |
| 500 ## - GENERAL NOTE | |
| General note | Includes Index |
| 942 ## - ADDED ENTRY ELEMENTS (KOHA) | |
| Koha item type | Book |
| Call number prefix | 954.9105 QAY |
| Withdrawn status | Lost status | Damaged status | Not for loan | Collection code | Permanent Location | Current Location | Shelving location | Date acquired | Source of acquisition | Total Checkouts | Full call number | Barcode | Date last seen | Date last checked out | Price effective from | Koha item type |
|---|---|---|---|---|---|---|---|---|---|---|---|---|---|---|---|---|
| Central Library (CL) | Central Library (CL) | General Stacks | 02/14/2002 | Donation | 2 | 954.9105 QAY | SEECS001816 | 12/08/2023 | 12/03/2023 | 01/05/2017 | Book |
